People's lingustic survey of india / (Record no. 151851)

MARC details
000 -LEADER
fixed length control field 00644nam a22002057a 4500
005 - DATE AND TIME OF LATEST TRANSACTION
control field 20180503143801.0
010 ## - LCCN (DPL NO)
LC control number ENG-122871
020 ## - INTERNATIONAL STANDARD BOOK NUMBER
International Standard Book Number 9789387432406
Terms of availability 625.00
035 ## - SYSTEM CONTROL NUMBER
System control number EN-106403
037 ## - SOURCE OF ACQUISITION
Source of stock number/acquisition DBAD/PUB.
082 ## - DEWEY DECIMAL CLASSIFICATION NUMBER
Classification number 621.3
100 ## - MAIN ENTRY--PERSONAL NAME
Personal name Salivahanan, S.
245 ## - TITLE STATEMENT
Title People's lingustic survey of india /
Statement of responsibility, etc by S. Salivahanan; R. Rengaraj [and] G.R. Venkatakrishnan
260 ## - PUBLICATION, DISTRIBUTION, ETC. (IMPRINT)
Place of publication, distribution, etc New Delhi
Name of publisher, distributor, etc Tata McGraw Hill
Date of publication, distribution, etc 2018
270 ## - ADDRESS
Address 7, West Patel Nagar
City New Delhi
Postal code 110008
300 ## - PHYSICAL DESCRIPTION
Extent v, 441p.)
Dimensions 25cm(pbk)
Other physical details ill.
700 ## - ADDED ENTRY--PERSONAL NAME
Personal name Rengaraj, R.
700 ## - ADDED ENTRY--PERSONAL NAME
Personal name Venkatakrishnan, G.R.
942 ## - ADDED ENTRY ELEMENTS (KOHA)
Source of classification or shelving scheme Dewey Decimal Classification
Item type English Books
Classification part 621.3
Call number suffix SAL
Holdings
Withdrawn status Lost status Not for loan Collection code Home library Current library Date acquired Source of acquisition Cost, normal purchase price Full call number Barcode Copy number Cost, replacement price Koha item type
    Not For Loan Non-fiction D.B.Act.Division Bawana 03/05/2018 DBAD/PUB 625.00 621.3 SAL EN-106403 1 625.00 English Books

© Delhi Public Library
Hit Counter
free hit counter